[Event "Pan American-ch School U15 Girls 12th"]
[Site "Callao"]
[Date "2023.10.16"]
[Round "2"]
[White "Sinchi Dominguez, Niusta Sisa"]
[Black "Pizan Rodriguez, Emelin Solans"]
[Result "1-0"]
[WhiteElo "1209"]
[BlackElo "1014"]
[PlyCount "119"]
[EventDate "2023.10.16"]
[EventType "swiss"]
[EventRounds "9"]
[EventCountry "PER"]
[SourceTitle "Mega2024 Update 01"]
[Source "Chessbase"]
[SourceDate "2023.11.12"]
[SourceVersion "1"]
[SourceVersionDate "2023.11.12"]
[SourceQuality "1"]

1. d4 d5 2. c4 e6 3. Nc3 Nf6 4. Nf3 Be7 5. e3 Nbd7 6. Bd3 dxc4 7. Bxc4 0-0 8. 0-0 Re8 9. Qc2 Nf8 10. e4 Ng6 11. Be3 b6 12. Rad1 Bb7 13. Rfe1 c6 14. Bd3 Qc8 15. Bg5 Qc7 16. Nb5 Qd7 17. Nc3 Rac8 18. e5 Nd5 19. Bxe7 Qxe7 20. Bxg6 hxg6 21. Ne4 Red8 22. Nd6 Rb8 23. Qd2 Nc7 24. Ng5 Rf8 25. Qf4 f6 26. exf6 gxf6 27. Nge4 Kg7 28. Rd3 Rh8 29. Rf3 Nd5 30. Qg3 Rh5 31. Nxb7 Rxb7 32. a3 e5 33. Nc3 Rb8 34. Nxd5 cxd5 35. Rfe3 Rg5 36. Qf3 e4 37. Qf4 Rh8 38. Rc3 Rd8 39. Rec1 Rf5 40. Qc7 Rd7 41. Qxd7 Qxd7 42. Rc7 Qxc7 43. Rxc7+ Kh6 44. Rxa7 g5 45. Ra6 g4 46. g3 Rf3 47. Rxb6 Kg5 48. a4 Rd3 49. Rb4 e3 50. fxe3 Rxe3 51. a5 Kf5 52. Kf2 Ke4 53. a6 Rf3+ 54. Ke2 Re3+ 55. Kd2 Rd3+ 56. Kc2 Rf3 57. a7 Rf2+ 58. Kb3 Rf3+ 59. Ka2 Rf2 60. a8Q 1-0